Sports Quiz

Random Sports or Rugby Quiz

Rugby points scorers (international) Quiz Stats

 Plays Quiz not verified by Sporcle

Challenge
Share
Tweet
Embed
Score 0/18 Timer 07:00
0 Plays Today
Points Name % Correct
1178Johnny Wilkinson
99.2%
1188Dan Carter
97.5%
982 Ronan O'Gara
88.2%
1090Neil Jenkins
76.5%
912 Stephen Jones
76.5%
752 Chris Paterson
65.5%
893 Percy Montgomery
52.1%
1010Diego Domínguez
49.6%
967 Andrew Mehrtens
46.2%
Points Name % Correct
911 Michael Lynagh
46.2%
666 Matt Giteau
45.4%
733 Gavin Hastings
43.7%
645 Grant Fox
31.1%
878 Matt Burke
29.4%
554 Felipe Contepomi
26.1%
560 David Humphreys
25.2%
652 Nicky Little
17.6%
653 Hugo Porta
14.3%

You're not logged in!

Compare scores with friends on all Sporcle quizzes.
Join for Free
OR
Log In

You Might Also Like...

Show Comments

Extras

Created Dec 15, 2010SourceReportNominate
Tags:Rugby Quiz

Top Quizzes Today


Score Distribution

Your Account Isn't Verified!

In order to create a playlist on Sporcle, you need to verify the email address you used during registration. Go to your Sporcle Settings to finish the process.

Report this User

Report this user for behavior that violates our Community Guidelines.

Details: